000 00595nam a22002297a 4500
003 UA-OsUOA
001 67129
007 ta
008 20100211b un ||||| |||| 00| 0 ukr d
100 _aЧерненко Е. В.
090 _a902(477)
_bЧ-49
942 _cBK
040 _aUA-OsUOA
_brus
_cUA-OsUOA
_dUA-OsUOA
245 _aСкифские лучники
300 _a164 с.
955 _a2
041 _arus
080 _a902(477)
260 _aК.
_bНаукова думка
_c1981
650 7 _a9 Географія. Біографії. Історія
_2UDC
999 _c353371
_d353371